000 00678nam a2200289Ia 4500
005 20260324133622.0
008 008 260324s9999 xx 000 0 eng d
020 _a9781315261171
037 _aEBOOK
040 _aCRL
040 _beng
040 _cCRL
041 _2eng
041 _aeng
084 _qCRL
100 _aJohn S. Partington
_91170969
245 0 _aBuilding Cosmopolis
245 4 _bThe Political Thought of H.G. Wells
260 _bTaylor and Francis
260 _c2003
365 _a
365 _b230
856 _uhttp://www.taylorfrancis.com/books/9781315261171
942 _cEBOOK
999 _c1793000
_d1793000